000 00600nam a2200229 a 4500
001 nice12345678
003 IN_TiNIC
005 20260116014057.0
008 050524s2002 lona grp 000 0 eng
020 _a184331X
_c550
082 0 0 _a954.0072
_bGUP
100 _aGupta, Partha Sarathi
245 _aPower, Politics and the People
_b Studies in British Imperialism
260 _aLondon
_bAnthem Press
_c2002
300 _a528p
500 _aincludes index and biblioraphy
505 2 _aIndex
650 _aIndia-Historiography
902 _bSRS
942 _cBK
999 _c13771
_d13771